Una fábrica patagónica en autogestión obrera. Aires de libertad: Zanon bajo gestión obrera /
El artículo se refiere a la experiencia de lucha de los obreros de la ex fábrica Zanon, actualmente FaSinPat, en Neuquén, Argentina, a partir del 2001. Indaga sobre las razones por las cuales el ejemplo de los ceramistas se perpetúa en el tiempo. Explica que ello se debe a la importancia de mantener...
Salvato in:
| Autore principale: | |
|---|---|
| Altri autori: | |
| Natura: | testo |
| Soggetti: | |
| Tags: |
Aggiungi Tag
Nessun Tag, puoi essere il primo ad aggiungerne!!
|
MARC
| LEADER | 00000 a a2200000 04500 | ||
|---|---|---|---|
| 001 | 11077 | ||
| 003 | |||
| 040 | |||
| 100 | |a Meyer, Laura | ||
| 245 | |a Una fábrica patagónica en autogestión obrera. Aires de libertad: Zanon bajo gestión obrera / |c Laura Meyer ; María Chaves | ||
| 520 | |a El artículo se refiere a la experiencia de lucha de los obreros de la ex fábrica Zanon, actualmente FaSinPat, en Neuquén, Argentina, a partir del 2001. Indaga sobre las razones por las cuales el ejemplo de los ceramistas se perpetúa en el tiempo. Explica que ello se debe a la importancia de mantener su organización basada en la democracia obrera, a que cuentan con un sindicato clasista y al hecho de que durante todo el proceso nunca dejan de establecer una relación entre las reivindicaciones inmediatas y las soluciones de fondo. | ||
| 650 | |a 1.ARGENTINA | ||
| 650 | |a 2.AUTOGESTION | ||
| 650 | |a 3.SINDICATO | ||
| 650 | |a 4.FABRICA | ||
| 650 | |a 5.MOVIMIENTO OBRERO | ||
| 700 | |a Chaves, María | ||
| 773 | |g volumen 9, número 24; páginas 115-142 | ||
| 999 | |c 36953 |d 36953 | ||
